000 00999nam a22002537a 4500
005 20170124102935.0
010 _aA-807782
020 _c200.00
035 _aA-807782
037 _bCen Lib/Ret
040 _aDPL
_bHN
082 _a824
_bजोशिरा
100 _aजोशी, रामशरण
_9210
245 _aहस्तक्षेप /
_cरामशरण जोशी
246 _aHastakshep /
_bby Ramsharan Joshi
260 _aनई दिल्ली
_bसामयिक प्रकाशन
_c1996
270 _a3543 जटवाडा, दरयागंज
_bनई दिल्ली
_e110002
300 _a216पृ.
_c21सेमी (सजिल्द)
650 _aहिंदी साहित्य
_947606
650 _aहिंदी साहित्य --कहानिया
_91009
650 _aHindi literature
_947607
650 _aHindi literature--Stories
_947608
942 _2ddc
_cHN
_h824
_mजोशिरा
999 _c112223
_d112223